Bình đẳng tiếp cận giáo dục vì mục tiêu phát triển con người ở Việt Nam /
Saved in:
| Main Author: | |
|---|---|
| Format: | Article |
| Language: | Vietnamese |
| Subjects: | |
| Tags: |
Add Tag
No Tags, Be the first to tag this record!
|
| Institutions: | Thư viện Trường Đại học Đà Lạt |
|---|
| LEADER | 00821nam a2200253 4500 | ||
|---|---|---|---|
| 001 | DLU190190458 | ||
| 005 | ##20190411 | ||
| 040 | # | # | |a DLU |b vie |
| 041 | # | # | |a vie |
| 044 | # | # | |a vn |
| 100 | # | # | |a Đào Thị Minh Hương. |
| 245 | # | # | |a Bình đẳng tiếp cận giáo dục vì mục tiêu phát triển con người ở Việt Nam / |c Đào Thị Minh Hương. |
| 653 | # | # | |a Bình đẳng cơ hội |
| 653 | # | # | |a Bình đẳng tiếp cận giáo dục |
| 653 | # | # | |a Công bằng |
| 773 | # | # | |t Nghiên cứu con người |g Số 2(89), 2017, tr. 3-14 |
| 920 | # | # | |a Phòng Tạp chí -- Trung tâm Thông tin - Thư viện Trường Đại học Đà Lạt |
| 900 | # | # | |a True |
| 911 | # | # | |a Nguyễn Thị Thu Phương |
| 925 | # | # | |a G |
| 926 | # | # | |a A |
| 927 | # | # | |a BB |
| 980 | # | # | |a Thư viện Trường Đại học Đà Lạt |